مكتبة جامعة عجلون الوطنية

فهرس بحث المكتبة

Normal view MARC view
  • .النعيمي، صلاح عبد القادر.....واخرون

Entry Personal Name

Number of records used in: 1

001 - CONTROL NUMBER

  • control field: 34447

003 - CONTROL NUMBER IDENTIFIER

  • control field: JO-AjAnu

005 - DATE AND TIME OF LATEST TRANSACTION

  • control field: 20230606075754.0

008 - FIXED-LENGTH DATA ELEMENTS

  • fixed length control field: 230606|| aca||aabn | a|a d

040 ## - CATALOGING SOURCE

  • Original cataloging agency: JO-AjAnu
  • Transcribing agency: JO-AjAnu

100 ## - HEADING--PERSONAL NAME

  • Personal name: .النعيمي، صلاح عبد القادر.....واخرون

670 ## - SOURCE DATA FOUND

  • Source citation: Work cat.: (JO-AjAnu)17694: .النعيمي، صلاح عبد القادر.....واخرون , author, الاداء الاستراتيجي في المنظمات العامة والخاصة: بحوث محكمة ومنتقاة